000 00546nam a2200145Ia 4500
008 100204s9999 xx 000 0 und d
082 _b25989
100 _aभोसले द. ता.
245 _aसंस्कृतीच्या पाउलखुणा
260 _b"पद्मगंधा प्रकाशन , पुणे"
_c2001
300 _a248
630 _aसंस्कृतीच्या पाउलखुणा
730 _aसंस्कृतीच्या पाउलखुणा
942 _cBOOK
999 _c471170
_d471167